[Event "HUN-chT"]
[Site "HUN"]
[Date "1992.??.??"]
[Round "?"]
[White "Hazai, Laszlo"]
[Black "Tolnai, Tibor"]
[Result "1/2-1/2"]
[WhiteElo "2460"]
[BlackElo "2490"]

1.e4 e5 2.Nf3 Nc6 3.Bb5 a6 4.Ba4 Nf6 5.O-O Be7 6.Re1 b5 7.Bb3 O-O 8.c3 d6
9.h3 Nb8 10.d4 Nbd7 11.Nbd2 Bb7 12.Bc2 Re8 13.Nf1 Bf8 14.Ng3 g6 15.a4 c5
16.d5 c4 17.Bg5 h6 18.Be3 Nc5 19.Kh1  1/2-1/2

[Event "HUN-chT"]
[Site "HUN"]
[Date "1992.??.??"]
[Round "?"]
[White "Borsos, Bogdan"]
[Black "Petran, Pal"]
[Result "0-1"]
[WhiteElo "2345"]
[BlackElo "2470"]

1.e4 e5 2.Nf3 Nc6 3.Bb5 a6 4.Ba4 Nf6 5.O-O Be7 6.Re1 b5 7.Bb3 d6 8.c3 O-O
9.h3 Nb8 10.d4 Nbd7 11.Nbd2 Bb7 12.Bc2 Re8 13.Nf1 Bf8 14.Ng3 g6 15.a4 c5
16.d5 c4 17.Bg5 h6 18.Be3 Nc5 19.Qd2 Kh7 20.Nh2 Ng8 21.Rf1 Nd7 22.Ra2 Qc7
23.Rfa1 Bg7 24.f3 h5 25.Qf2 Bh6 26.Ne2 Bxe3 27.Qxe3 Nh6 28.Kh1 Nc5 29.Qf2 Qe7
30.Nf1 Kg7 31.Ne3 Rf8 32.axb5 axb5 33.Ra7 Rxa7 34.Rxa7 Ra8 35.Rxa8 Bxa8 36.Qg3 Bb7
37.f4 Qf6 38.fxe5 dxe5 39.Ng1 Qf4 40.Qf3 f6 41.Qxf4 exf4 42.Nd1 f5 43.exf5 Nxf5
44.Bxf5 gxf5 45.Ne2 Nd3 46.Nd4 Bxd5 47.Nxf5+ Kf6 48.Nd4 b4 49.cxb4 Nxb4 50.Kg1 Ke5
51.Nb5 Nd3 52.Nbc3 Bc6 53.Kf1 h4 54.Ne2 f3 55.gxf3 Bxf3 56.Nec3 Kf4 57.Ne2+ Ke4
58.Nec3+ Kd4 59.Ne2+ Kc5 60.Nec3 Kb4  0-1

[Event "Madrid-B"]
[Site "Madrid"]
[Date "1992.??.??"]
[Round "9"]
[White "Rivera, Daniel"]
[Black "Bass, Leonid"]
[Result "1/2-1/2"]
[WhiteElo "2290"]
[BlackElo "2495"]

1.e4 e5 2.Nf3 Nc6 3.Bb5 a6 4.Ba4 Nf6 5.O-O Be7 6.Re1 b5 7.Bb3 d6 8.c3 O-O
9.h3 Nb8 10.d4 Nbd7 11.Nbd2 Bb7 12.Bc2 Re8 13.Nf1 Bf8 14.Ng3 g6 15.a4 c5
16.d5 c4 17.Bg5 h6 18.Be3 Nc5 19.Qd2 h5 20.Ng5 Bh6 21.f4 h4 22.fxe5 Rxe5
23.Nf1 Bxg5 24.Bxg5 Nfxe4 25.Bxd8 Nxd2 26.Rxe5 dxe5 27.Be7 Nxf1  1/2-1/2

[Event "Manila ol (Men)"]
[Site "Manila"]
[Date "1992.??.??"]
[Round "?"]
[White "Renet, Olivier"]
[Black "Sturua, Zurab"]
[Result "1/2-1/2"]
[WhiteElo "2495"]
[BlackElo "2545"]

1.e4 e5 2.Nf3 Nc6 3.Bb5 a6 4.Ba4 Nf6 5.O-O Be7 6.Re1 b5 7.Bb3 d6 8.c3 O-O
9.h3 Nb8 10.d4 Nbd7 11.Nbd2 Bb7 12.Bc2 Re8 13.a4 Bf8 14.Bd3 c6 15.b3 g6 16.Bb2 Nh5
17.Bf1 Nf4 18.Qc2 Qc7 19.Rab1 Ne6 20.Ba1 Bg7 21.b4 Rad8 22.Qa2 Nb6 23.axb5 axb5
24.dxe5 dxe5 25.c4 Ra8 26.Qb3 bxc4 27.Nxc4 Nxc4 28.Bxc4 Ba6 29.Rec1 Bxc4
30.Qxc4 Rec8 31.g3 Rab8 32.Kg2 Rb6 33.Bc3 Rb5 34.Ra1 Rcb8 35.Ra5 Nd4 36.Ng5 Qb7
37.Bxd4 Rxb4 38.Qxf7+ Qxf7 39.Nxf7 exd4 40.Nd6 Rd8 41.Rxc6 Rb2 42.Rc8 Rxc8
43.Nxc8 d3 44.Rd5 d2 45.Nd6 Bh6 46.Nc4 Rc2 47.Ne3 Rc1 48.Ng4  1/2-1/2

[Event "Manila ol (Men)"]
[Site "Manila"]
[Date "1992.??.??"]
[Round "?"]
[White "Sax, Gyula"]
[Black "Hjartarson, Johann"]
[Result "1/2-1/2"]
[WhiteElo "2600"]
[BlackElo "2580"]

1.e4 e5 2.Nf3 Nc6 3.Bb5 a6 4.Ba4 Nf6 5.O-O Be7 6.Re1 b5 7.Bb3 d6 8.c3 O-O
9.h3 Nb8 10.d4 Nbd7 11.Nbd2 Bb7 12.Bc2 Re8 13.Nf1 Bf8 14.Ng3 g6 15.a4 c5
16.d5 c4 17.Bg5 h6 18.Be3 Nc5 19.Qd2 h5 20.Bg5 Be7 21.Bh6 Nh7 22.Be3 Bf6
23.Ra3 Rb8 24.axb5 axb5 25.Rea1 Bc8 26.Ne2 Bd7 27.Ra7  1/2-1/2

[Event "Nettetal"]
[Site "Nettetal"]
[Date "1992.??.??"]
[Round "4"]
[White "Moiseev, Viktor"]
[Black "Van der Sterren, Paul"]
[Result "1/2-1/2"]
[WhiteElo "2480"]
[BlackElo "2535"]

1.e4 e5 2.Nf3 Nc6 3.Bb5 a6 4.Ba4 Nf6 5.O-O Be7 6.Re1 b5 7.Bb3 d6 8.c3 O-O
9.h3 Nb8 10.d4 Nbd7 11.Nbd2 Bb7 12.Bc2 Re8 13.a4 c5 14.b4 cxd4 15.cxd4 d5
16.dxe5 Nxe4 17.Nxe4 dxe4 18.Bxe4 Bxe4 19.Rxe4 Nxe5 20.Qxd8 Nxf3+ 21.gxf3 Raxd8
22.axb5 axb5 23.Bf4 Bf8 24.Ra5 Rxe4 25.fxe4 Rd4 26.Ra8 f6 27.Be3 Rd1+ 28.Kg2 Kf7
29.Rb8  1/2-1/2

[Event "Nettetal"]
[Site "Nettetal"]
[Date "1992.??.??"]
[Round "6"]
[White "Lanka, Zigurds"]
[Black "Van der Sterren, Paul"]
[Result "0-1"]
[WhiteElo "2490"]
[BlackElo "2535"]

1.e4 e5 2.Nf3 Nc6 3.Bb5 a6 4.Ba4 Nf6 5.O-O Be7 6.Re1 b5 7.Bb3 d6 8.c3 O-O
9.h3 Nb8 10.d4 Nbd7 11.Nbd2 Bb7 12.Bc2 Re8 13.Nf1 Bf8 14.Ng3 g6 15.a4 c5
16.d5 c4 17.Bg5 h6 18.Be3 Nc5 19.Qd2 h5 20.Bg5 Be7 21.Bh6 Nh7 22.Ra3 Rb8
23.Rea1 Bc8 24.axb5 axb5 25.Ne2 Bd7 26.Kh2 Qb6 27.Be3 Rec8 28.R1a2 Bf6 29.g3 Qd8
30.h4 Ra8 31.Qc1 Rxa3 32.Rxa3 Rb8 33.Ra7 Qc8 34.Qf1 Bg4 35.Neg1 Bd8 36.Nd2 Bb6
37.Ra3 Bd7 38.Qe2 f5 39.f3 Ra8 40.Rxa8 Qxa8 41.b4 cxb3 42.Nxb3 Qa2 43.exf5 Bxf5
44.Bxf5 Qxe2+ 45.Nxe2 gxf5 46.Bxc5 Bxc5 47.f4 Bb6 48.c4 bxc4 49.Nd2 e4 50.Nxc4 Bc5
51.Nc3 Nf6 52.Nb5 e3 53.Nxe3 Bxe3 54.Nxd6 Ng4+ 55.Kg2 Nh6 56.Kf3 Bg1 57.Kg2 Bc5
58.Ne8 Kf7 59.Nc7 Ng4 60.Ne6 Bb6  0-1

[Event "Paris-ch"]
[Site "Paris"]
[Date "1992.??.??"]
[Round "1"]
[White "Britton, Richard"]
[Black "Ladisic, Alex Sacha"]
[Result "0-1"]
[WhiteElo "2290"]
[BlackElo "2205"]

1.e4 e5 2.Nf3 Nc6 3.Bb5 a6 4.Ba4 Nf6 5.O-O Be7 6.Re1 b5 7.Bb3 d6 8.c3 O-O
9.h3 Nb8 10.d4 Nbd7 11.Nbd2 Bb7 12.Bc2 c5 13.d5 g6 14.Nf1 Ne8 15.Bh6 Ng7
16.a4 c4 17.Qd2 Kh8 18.Ra3 Nf6 19.Be3 Ng8 20.axb5 axb5 21.Ba7 f5 22.exf5 gxf5
23.Ng3 Bh4 24.Nf1 Bf6 25.g4 Ne7 26.Ng3 Nxd5 27.Nxf5 Nf4 28.Qe3 Nxf5 29.Bxf5 Nxh3+
30.Kf1 Nf4 31.Rd1 Qe7 32.Ne1 Bg5 33.Qg3 Rf6 34.Be3 Rh6 35.f3 Rxa3 36.bxa3 Rh3
37.Bxf4 Rxg3 38.Bxg3 Bf4 39.Kg2 d5 40.Nc2 Bxg3 41.Kxg3 Qg5  0-1

[Event "World op"]
[Site "Philadelphia"]
[Date "1992.??.??"]
[Round "2"]
[White "Sherzer, Alex"]
[Black "Southam, Todd"]
[Result "0-1"]
[WhiteElo "2460"]
[BlackElo "2300"]

1.e4 e5 2.Nf3 Nc6 3.Bb5 a6 4.Ba4 Nf6 5.O-O Be7 6.Re1 b5 7.Bb3 d6 8.c3 O-O
9.h3 Nb8 10.d4 Nbd7 11.Nbd2 Bb7 12.a4 c5 13.d5 c4 14.Bc2 Re8 15.Nf1 Bf8 16.g4 g6
17.Ng3 Nc5 18.Bg5 Be7 19.Qd2 Nfd7 20.Bh6 Nb6 21.a5 Nba4 22.Rab1 Qxa5 23.Kh2 Qd8
24.Rg1 Nb3 25.Bxb3 cxb3 26.Nf5 Bf6 27.Bg5 Nc5 28.Rbe1 Bc8 29.Bxf6 Qxf6 30.Qh6 Bxf5
31.gxf5 Nd3 32.Re2 Nf4 33.Re3 Ra7 34.Nd2 a5 35.Nxb3 a4 36.Na1 a3 37.Nc2 axb2
38.Rb1 Rea8 39.Nb4 Ra1 40.Rxb2 Rf1 41.Nd3 Raa1 42.Nxf4 exf4 43.Qxf4 g5 44.Rg3 Rh1+
45.Kg2 Rag1+ 46.Kf3 Qxc3+ 47.Qe3 Rxg3+ 48.fxg3 Rf1+ 49.Rf2 Qxe3+ 50.Kxe3 Rxf2
51.Kxf2 Kg7 52.Ke3 b4 53.e5 dxe5 54.Kd3 Kf8 55.f6 Ke8 56.Kc4 Kd7 57.Kxb4 Kd6
58.Kc4 h5 59.g4 h4 60.Kd3 Kxd5 61.Ke3 e4 62.Ke2 Kd4 63.Kd2 e3+ 64.Ke1 Ke4
65.Ke2 Kf4 66.Ke1 Kg3  0-1

[Event "World op"]
[Site "Philadelphia"]
[Date "1992.??.??"]
[Round "6"]
[White "Young, Ronald"]
[Black "Southam, Todd"]
[Result "0-1"]
[WhiteElo "2305"]
[BlackElo "2300"]

1.e4 e5 2.Nf3 Nc6 3.Bb5 a6 4.Ba4 Nf6 5.O-O Be7 6.Re1 b5 7.Bb3 d6 8.c3 O-O
9.h3 Nb8 10.d4 Nbd7 11.Nbd2 Bb7 12.Bc2 Re8 13.Nf1 Bf8 14.Ng3 g6 15.a4 c5
16.d5 c4 17.Bg5 h6 18.Be3 Nc5 19.Qd2 h5 20.Bg5 Be7 21.Bh6 Nfd7 22.a5 Rb8
23.Nf1 Bc8 24.N1h2 Qc7 25.Rf1 Nb3 26.Bxb3 cxb3 27.Ng5 Nc5 28.Qe2 f6 29.Ngf3 Kh7
30.Be3 Nxe4 31.Bb6 Qc4 32.Qxc4 bxc4 33.Ra4 Bb7 34.Rd1 Rbc8 35.Nf1 f5 36.Ne3 Nf6
37.Nd2 f4 38.Nexc4 Bxd5 39.f3 Bf8 40.Bf2 Bc6 41.Raa1 g5 42.Nb6 Rb8 43.Nxb3 g4
44.hxg4 hxg4 45.Bh4 Nd7 46.Nxd7 Bxd7 47.Nc5 Bf5 48.Nxa6 Rxb2 49.Nc7 Rc8 50.a6 gxf3
51.gxf3 Rxc7 52.a7 Rg7+ 53.Kh1 Bh3 54.Rg1 Rgg2 55.Bf2 Rgxf2 56.Rg5 Rh2+ 57.Kg1 d5
58.Ra5 Rhd2 59.Kh1 Rb1+ 60.Rg1 Bg2+  0-1

[Event "Philadelphia opI"]
[Site "Philadelphia"]
[Date "1992.??.??"]
[Round "9"]
[White "Morgan, Matthew"]
[Black "Martinovsky, Eugene"]
[Result "0-1"]
[WhiteElo "2295"]
[BlackElo "2335"]

1.e4 e5 2.Nf3 Nc6 3.Bb5 a6 4.Ba4 Nf6 5.O-O Be7 6.Re1 b5 7.Bb3 O-O 8.c3 d6
9.h3 Nb8 10.d4 Nbd7 11.Nbd2 Bb7 12.Bc2 c5 13.Nf1 Re8 14.Ng3 g6 15.d5 Bf8
16.Nh2 Bc8 17.a4 Rb8 18.axb5 axb5 19.b3 Bg7 20.Bg5 h6 21.Be3 Kh7 22.Qd2 Bb7
23.Bd3 Qb6 24.Ng4 Ng8 25.Qe2 Bc8 26.h4 h5 27.Nh2 Ndf6 28.f3 Bh6 29.Ngf1 Bd7
30.Kh1 Ra8 31.g4 hxg4 32.fxg4 Bxe3 33.Nxe3 Kg7 34.Rxa8 Rxa8 35.h5 Qa5 36.hxg6 fxg6
37.Qd2 Qa2 38.Qxa2 Rxa2 39.Kg1 Rd2  0-1

[Event "Porz"]
[Site "Porz"]
[Date "1992.??.??"]
[Round "8"]
[White "Morawietz, Dieter"]
[Black "Smejkal, Jan"]
[Result "1/2-1/2"]
[WhiteElo "2320"]
[BlackElo "2525"]

1.e4 e5 2.Nf3 Nc6 3.Bb5 a6 4.Ba4 Nf6 5.O-O Be7 6.Re1 b5 7.Bb3 d6 8.c3 O-O
9.h3 Nb8 10.d4 Nbd7 11.Nbd2 Bb7 12.Bc2 Re8 13.Nf1 Bf8 14.Ng3 g6 15.a4 c5
16.d5 Nb6 17.Bg5 h6 18.Be3 Nc4 19.Bc1 Nb6 20.Be3 Nc4 21.Bc1 Nb6  1/2-1/2

[Event "Alekhine op-B"]
[Site "Smolensk"]
[Date "1992.??.??"]
[Round "7"]
[White "Daniliuk, Sergey"]
[Black "Notkin, Maksim"]
[Result "1/2-1/2"]
[WhiteElo "2340"]
[BlackElo "2300"]

1.e4 e5 2.Nf3 Nc6 3.Bb5 a6 4.Ba4 Nf6 5.O-O Be7 6.Re1 b5 7.Bb3 O-O 8.c3 d6
9.h3 Nb8 10.d4 Nbd7 11.Nbd2 Bb7 12.Bc2 Re8 13.a4 Bf8 14.Bd3 c6 15.Qc2 Nh5
16.Bf1 g6 17.b3 Bg7 18.Ba3 Qc7 19.Rad1 Rad8 20.b4 Qb6 21.Nb3 Nf4 22.Na5 Ba8
23.Bc1 c5 24.d5 c4 25.Be3 Qc7 26.g3 Nh5 27.h4 Nb6 28.axb5 axb5 29.Bh3 Rf8
30.Kh2 Rde8 31.Ng1 f5 32.exf5 Nxd5 33.fxg6 h6 34.Bg2 Nhf6 35.f3 Nxe3 36.Rxe3 e4
37.Qd2  1/2-1/2

[Event "Warsaw op"]
[Site "Warsaw"]
[Date "1992.??.??"]
[Round "9"]
[White "Zezulkin, Jurij"]
[Black "Arbakov, Valentin"]
[Result "1/2-1/2"]
[WhiteElo "2440"]
[BlackElo "2450"]

1.e4 e5 2.Nf3 Nc6 3.Bb5 a6 4.Ba4 Nf6 5.O-O Be7 6.Re1 b5 7.Bb3 d6 8.c3 O-O
9.h3 Nb8 10.d4 Nbd7 11.Nbd2 Bb7 12.Bc2 Re8 13.Nf1 Bf8 14.Ng3 g6 15.Bg5 h6
16.Bd2 Bg7 17.h4 h5 18.Bg5 Nf8 19.Qd2 N8h7 20.dxe5 dxe5 21.Rad1 Nxg5 22.Qxg5 Qe7
23.Bb3 Kf8 24.a4 Ng4 25.Nxh5 gxh5 26.Qxh5 Nf6 27.Qf5 Bc8 28.Qg5 c5 29.axb5 axb5
30.Bd5 Nxd5 31.Rxd5 Qxg5 32.hxg5 Ra2 33.Re2 Be6 34.Rxc5 Rc8 35.Rxc8+ Bxc8
36.Rd2 Ke8 37.Nh4 Bb7 38.Nf5 Bf8 39.f3 Ra6 40.b4 Rg6 41.Kf2 Rxg5 42.Nd6+ Bxd6
43.Rxd6 Rg6 44.Rxg6 fxg6 45.g4  1/2-1/2

[Event "Zalakaros op"]
[Site "Zalakaros"]
[Date "1992.??.??"]
[Round "5"]
[White "Szalanczy, Emil"]
[Black "Meszaros, Andras"]
[Result "1-0"]
[WhiteElo "2420"]
[BlackElo "2310"]

1.e4 e5 2.Nf3 Nc6 3.Bb5 a6 4.Ba4 Nf6 5.O-O b5 6.Bb3 Be7 7.Re1 d6 8.c3 O-O
9.h3 Nb8 10.d4 Nbd7 11.Nbd2 Bb7 12.Bc2 c5 13.Nf1 Re8 14.Ng3 Bf8 15.d5 g6
16.Bg5 Bg7 17.b3 Nb6 18.Qd2 Qe7 19.Nh2 Qf8 20.Ng4 Nxg4 21.hxg4 a5 22.Bd3 b4
23.Bb5 Reb8 24.a4 bxc3 25.Qxc3 Bc8 26.Qf3 Ra7 27.Rac1 Nd7 28.Qe2 Bh6 29.Bd2 Bf4
30.Nf1 Qh6 31.Rc3 Nf6 32.f3 Kf8 33.g3 Bxd2 34.Nxd2 Qg5 35.Nc4 h5 36.Qe3 Qxe3+
37.Rexe3 hxg4 38.Nxd6 gxf3 39.Rxf3 Kg7 40.Rxc5 Bg4 41.Re3 Rh8 42.Nc4 Raa8
43.Nxe5 Rh5 44.Nd3 Rah8 45.Nf2 Bd1 46.Bf1 Ng4 47.Nxg4 Rh1+ 48.Kf2 Bxg4 49.Re1 R8h2+
50.Ke3 Rb2 51.Kd4 Bh3 52.Rcc1 Rxb3 53.Bc4 Rxe1 54.Rxe1 Rb4 55.Kc5 Rxa4 56.d6 Ra3
57.e5 Rxg3 58.e6 Bxe6 59.Rxe6 Rg5+ 60.Kb6 Rg4 61.d7 fxe6 62.Kc5 Rg5+ 63.Kc6 Rg4
64.Bxe6  1-0

[Event "Athens op"]
[Site "Athens"]
[Date "1993.??.??"]
[Round "5"]
[White "Luther, Thomas"]
[Black "Stefansson, Hannes"]
[Result "0-1"]
[WhiteElo "2480"]
[BlackElo "2500"]

1.e4 e5 2.Nf3 Nc6 3.Bb5 a6 4.Ba4 Nf6 5.O-O Be7 6.Re1 b5 7.Bb3 d6 8.c3 O-O
9.h3 Nb8 10.d4 Nbd7 11.Nbd2 Bb7 12.a4 Re8 13.dxe5 Nxe5 14.axb5 axb5 15.Rxa8 Qxa8
16.Nxe5 dxe5 17.Nf3 Bd6 18.Ng5 Re7 19.Bxf7+ Rxf7 20.Qb3 Qe8 21.Nxf7 Qxf7
22.Qxb5 Bxe4 23.Qb8+ Bf8 24.f3 Bd5 25.Rxe5 Nd7 26.Qxc7 Nxe5 27.Qxe5 Bb3 28.Be3 Qb7
29.Bd4 h6 30.f4 Bd5 31.Kh2 Qc6 32.Qe2 Bd6 33.Qg4 Qc7 34.Be3 Kh8 35.Qf5 Qb7
36.Qg6 Qe7 37.Qg3 Qe4 38.b4 Kh7 39.h4 Qc2 40.c4 Qxc4 41.b5 Qxb5 42.Bd4 Bf8
43.f5 Qf1 44.Qg6+ Kg8 45.Be5 Qe2 46.Bf4 Qf2 47.Qg3 Qxg3+ 48.Kxg3 Be4  0-1

[Event "AUT-ch"]
[Site "?"]
[Date "1993.??.??"]
[Round "13"]
[White "Schlosser, Michael"]
[Black "Petschar, Kurt"]
[Result "1/2-1/2"]
[WhiteElo "2400"]
[BlackElo "2325"]

1.e4 e5 2.Nf3 Nc6 3.Bb5 a6 4.Ba4 Nf6 5.O-O Be7 6.Re1 b5 7.Bb3 O-O 8.c3 d6
9.h3 Nb8 10.d4 Nbd7 11.Nbd2 Bb7 12.a4 c5 13.Bc2 Re8 14.Nf1 Bf8 15.d5 c4 16.Ng3 g6
17.Bg5 Be7 18.Qd2 Nc5 19.Bh6 Bf8 20.Bxf8 Kxf8 21.Qh6+ Kg8 22.Re3 Kh8 23.Ng5 Qe7
24.Rf1 Ncd7 25.f4 exf4 26.Rxf4 Qf8 27.Qh4 Qg7 28.Ref3 Kg8 29.Nf5 gxf5 30.Rxf5 h6
31.Rg3 hxg5 32.Rfxg5 Qxg5 33.Rxg5+ Kf8 34.Rf5 Ke7 35.Qf2 Rh8 36.e5 dxe5 37.Rxf6 Bxd5
38.Rf3 Bxf3 39.Qxf3 Rab8 40.Bf5 Nc5 41.Qd5 Kf6  1/2-1/2

[Event "Avesta op"]
[Site "Avesta"]
[Date "1993.??.??"]
[Round "?"]
[White "Ernst, Thomas"]
[Black "Ornstein, Axel"]
[Result "1-0"]
[WhiteElo "2540"]
[BlackElo "2440"]

1.e4 e5 2.Nf3 Nc6 3.Bb5 a6 4.Ba4 Nf6 5.O-O Be7 6.Re1 b5 7.Bb3 O-O 8.c3 d6
9.h3 Nb8 10.d4 Nbd7 11.Nbd2 Bb7 12.Bc2 Re8 13.Nf1 Bf8 14.Ng3 g6 15.a4 c5
16.d5 c4 17.Bg5 h6 18.Be3 Bg7 19.Rf1 Nc5 20.Qd2 h5 21.Bg5 Qb6 22.Bh6 Bh8
23.Kh1 bxa4  1-0

[Event "Balatonbereny op"]
[Site "Balatonbereny"]
[Date "1993.??.??"]
[Round "9"]
[White "Tolnai, Tibor"]
[Black "Tatai, Stefano"]
[Result "1-0"]
[WhiteElo "2490"]
[BlackElo "2440"]

1.e4 e5 2.Nf3 Nc6 3.Bb5 a6 4.Ba4 Nf6 5.O-O Be7 6.Re1 b5 7.Bb3 d6 8.c3 O-O
9.h3 Nb8 10.d4 Nbd7 11.Nbd2 Bb7 12.Bc2 Re8 13.Nf1 Bf8 14.Ng3 g6 15.a4 c5
16.d5 c4 17.Bg5 h6 18.Be3 Nc5 19.Qd2 h5 20.Ra3 Qc7 21.Rea1 Nfd7 22.Qc1 Reb8
23.R1a2 Qc8 24.Qa1 Be7 25.Nd2 Bd8 26.Nb1 h4 27.Nf1 bxa4 28.Nbd2 Nb3 29.Qd1 a5
30.Nxc4 Qxc4 31.Rxa4 Qc8 32.Bxb3 Ba6 33.Nd2 Bb5 34.R4a3 Nc5 35.Bc2 Ra6 36.Nb3 Nxb3
37.Bxb3 f5 38.exf5 gxf5 39.Bh6 Be8 40.Ba4 Bf7 41.Bc1 Qc4 42.Bc6 f4 43.Ra4 Qc5
44.b4  1-0

[Event "Berliner Sommer"]
[Site "Berlin"]
[Date "1993.??.??"]
[Round "?"]
[White "Aseev, Konstantin N"]
[Black "Kunze, Kerstin"]
[Result "1-0"]
[WhiteElo "2490"]
[BlackElo "2140"]

1.e4 e5 2.Nf3 Nc6 3.Bb5 a6 4.Ba4 Nf6 5.O-O b5 6.Bb3 Be7 7.Re1 O-O 8.c3 d6
9.h3 Nb8 10.d4 Nbd7 11.Bg5 Bb7 12.Nbd2 c5 13.Bc2 Re8 14.a4 h6 15.Be3 d5 16.Nxe5 Nxe5
17.dxe5 Nxe4 18.Nxe4 dxe4 19.Qg4 Qc8 20.Qg3 Kh8 21.Qf4 f5 22.exf6 Bxf6 23.Rad1 b4
24.cxb4 cxb4 25.Bb3 Be5 26.Qh4 Qf5 27.Bd4 a5 28.Bc4 Rf8 29.b3 Bxd4 30.Rxd4 Rae8
31.Qg3 Rf6 32.Red1 Rg6 33.Qe3 Qg5 34.Qxg5 Rxg5 35.Rd8 Rxd8 36.Rxd8+ Kh7 37.Kf1 Re5
38.Ke2 Kg6 39.Rd6+ Kh7 40.Ke3 Rg5 41.g3 Rf5 42.f4 Rf6 43.Rd8 h5 44.g4 hxg4
45.hxg4 Ba6 46.Bg8+ Kg6 47.Kxe4 Be2 48.Rd5 Rf8 49.Rg5+ Kh6 50.Rh5+ Kg6 51.Be6  1-0

[Event "Bucharest"]
[Site "Bucharest"]
[Date "1993.??.??"]
[Round "?"]
[White "Timoshenko, Georgy"]
[Black "Hauchard, Arnaud"]
[Result "0-1"]
[WhiteElo "2515"]
[BlackElo "2450"]

1.e4 e5 2.Nf3 Nc6 3.Bb5 a6 4.Ba4 Nf6 5.O-O b5 6.Bb3 Be7 7.Re1 d6 8.c3 O-O
9.h3 Nb8 10.d4 Nbd7 11.Nbd2 Bb7 12.Bc2 Re8 13.Nf1 Bf8 14.Ng3 g6 15.a4 Bg7
16.d5 Nc5 17.a5 Qe7 18.b4 Ncd7 19.Bb3 c6 20.c4 cxd5 21.cxd5 Qf8 22.Bg5 h6
23.Be3 Kh7 24.Qd2 Ng8 25.Rac1 Rac8 26.Rxc8 Rxc8 27.h4 Ne7 28.h5 g5 29.Rc1 Kg8
30.Rxc8 Qxc8 31.Nh2 f5 32.Nxf5 Nxf5 33.exf5 Nf6 34.Bxg5 Ne4 35.Qe3 Nxg5 36.Qb6 Ne4
37.Ng4 Qc1+ 38.Kh2 Qf4+ 39.Kh3 Qxf5 40.g3 Bc8  0-1

[Event "Wch U20 Girls"]
[Site "Buenos Aires"]
[Date "1993.??.??"]
[Round "?"]
[White "Guenther, Anetta"]
[Black "Larrachea, Enrique"]
[Result "0-1"]
[WhiteElo "2035"]
[BlackElo "2275"]

1.e4 e5 2.Nf3 Nc6 3.Bb5 a6 4.Ba4 Nf6 5.O-O Be7 6.Re1 b5 7.Bb3 O-O 8.c3 d6
9.h3 Nb8 10.d4 Nbd7 11.Nbd2 c5 12.Nf1 c4 13.Bc2 Re8 14.Ng3 g6 15.Be3 Bf8
16.a4 Bb7 17.Nh2 Qc7 18.Ng4 Bg7 19.Nh6+ Kf8 20.Qd2 Ng8 21.Nxg8 Kxg8 22.Rad1 Rad8
23.Kh1 Qc8 24.f4 f6 25.Qc1 Rf8 26.axb5 axb5 27.f5 Qc7 28.fxg6 hxg6 29.Rf1 Kh7
30.Qd2 Rh8 31.Qe2 Kg8 32.Qg4 Kf7 33.Rd2 Bc8 34.Qf3 Bb7 35.Qg4 Nf8 36.dxe5 dxe5
37.Rxd8 Qxd8 38.Rd1 Qc7 39.Kg1 Ne6 40.h4 Bc8 41.h5 Nf4 42.hxg6+ Nxg6 43.Nf5 Bxf5
44.Qxf5 Rd8 45.Ra1 Ne7 46.Qh5+ Kf8 47.Ra6 Nc8 48.Bh6 Nd6 49.Qg6 Qf7 50.Qh7 Bxh6
51.Qh8+ Ke7 52.Qxh6 Rd7 53.Qe3 Qe8 54.Qc5 Qc8 55.Qb6 Qb7 56.Qxb7 Rxb7 57.Kf2 b4
58.Ke3 bxc3 59.bxc3 Nb5 60.Ba4 Nxc3 61.Bc6 Rb2 62.Ra5 Nd1+ 63.Kf3 Kd6 64.Rd5+ Kxc6
65.Rxd1 Kc5 66.Rd8 Kb4 67.Rb8+ Kc3 68.Rc8 Rb6 69.Ke3 Rd6 70.Rc7 Rd3+ 71.Ke2 Rd4
72.Ke3 Kb2 73.Rb7+ Kc2 74.Rb6 Rd3+ 75.Ke2 Rd2+ 76.Ke3 Rxg2 77.Rxf6 c3 78.Rc6 Rd2
79.Rc5 Rd7 80.Rxe5 Rb7 81.Rg5 Rb2  0-1

[Event "Dortmund op-A"]
[Site "Dortmund"]
[Date "1993.??.??"]
[Round "4"]
[White "Mainka, Romuald"]
[Black "Nikitin, Aleksander S"]
[Result "1-0"]
[WhiteElo "2515"]
[BlackElo "2420"]

1.e4 e5 2.Nf3 Nc6 3.Bb5 a6 4.Ba4 Nf6 5.O-O Be7 6.Re1 b5 7.Bb3 d6 8.c3 O-O
9.h3 Nb8 10.d4 Nbd7 11.Nbd2 Bb7 12.Bc2 Re8 13.a4 Bf8 14.Bd3 b4 15.Qc2 d5
16.dxe5 Nxe5 17.Nxe5 Rxe5 18.Nf3 Rxe4 19.Bxe4 dxe4 20.Rd1 Qe8 21.Nd4 Qe5
22.Ne2 Nd5 23.c4 Bd6 24.g3 Nf6 25.Bf4 Qh5 26.Bxd6 e3 27.Nf4 Qf3 28.Kh2 cxd6
29.fxe3 Qxe3 30.Re1 Qc5 31.Re7 Bc6 32.Qe2 Rf8 33.b3 a5 34.Rd1 Rd8 35.Nd3 Qg5
36.Nf4 h5 37.Qe3 Qf5 38.Re1 Qc2+ 39.Re2 Qb1 40.Re1 Qc2+ 41.Re2 Qb1 42.Qg1 Qf5
43.Qb6 Rc8 44.Rc7 Rxc7 45.Qxc7 Bf3 46.Rf2 Bd1 47.Qxd6 Bxb3 48.Qd4 Qe4 49.Qd8+ Kh7
50.Qxa5 Bxc4 51.Qxb4 h4 52.gxh4 Qe3 53.Qd2 Qc5 54.Qc2+ Kg8 55.Rd2 Kf8 56.Qb2 Qc7
57.Qb4+ Kg8 58.Qd6 Qa7 59.Qe5 Qb6 60.a5 Qb1 61.Rb2 Qf1 62.Nh5 Be6 63.Nxf6+ gxf6
64.Qg3+ Kf8 65.Qd6+ Kg7 66.Rg2+  1-0

[Event "ESP-ch"]
[Site "?"]
[Date "1993.??.??"]
[Round "4"]
[White "Iruzubieta, Jesus Maria"]
[Black "Acebal, Antonio"]
[Result "1/2-1/2"]
[WhiteElo "2360"]
[BlackElo "2280"]

1.e4 e5 2.Nf3 Nc6 3.Bb5 a6 4.Ba4 Nf6 5.O-O Be7 6.Re1 b5 7.Bb3 d6 8.h3 O-O
9.c3 Nb8 10.d4 Nbd7 11.c4 Bb7 12.Nc3 c6 13.c5 Qc7 14.cxd6 Bxd6 15.dxe5 Nxe5
16.Bg5 Nxf3+ 17.Qxf3 Bh2+ 18.Kh1 Be5 19.Re2 Rfe8 20.Rae1 Rad8 21.Bc2 Re6
22.Bb3 Ree8 23.Nd1 c5 24.Bd5 Rd6 25.Ne3 Nxd5 26.Nxd5 Qd7 27.Qa3 Bd4 28.Bf4 Rg6
29.f3 h6 30.Ne3 Bxe3 31.Bxe3 b4 32.Qb3 Qb5 33.Rc2 Rc8 34.Rec1 Rgc6 35.Qc4 Qa5
36.Rd2 R6c7 37.Rcd1 Qb5 38.Rd8+ Rxd8 39.Rxd8+ Kh7 40.Qxb5 axb5 41.Bf4 Re7
42.Bd6 Re6 43.Bxc5 b3 44.a3 Rc6 45.Bb4 Bc8 46.Bc3 Be6 47.Rd2 f5 48.Kg1 Rc4
49.Re2 fxe4 50.Rxe4 Rxc3 51.Rxe6 Rc2 52.Rb6 Rxb2 53.Rxb5 Rb1+ 54.Kh2 b2 55.f4 Kg6
56.Kg3 Ra1 57.Rxb2 Rxa3+ 58.Kg4 Ra6 59.Rb7 h5+ 60.Kh4 Kh6 61.Re7 Ra4 62.Re6+  1/2-1/2

[Event "HUN-chT2"]
[Site "HUN"]
[Date "1993.??.??"]
[Round "?"]
[White "Kiss, Attila"]
[Black "Taskovits, Istvan"]
[Result "1/2-1/2"]
[WhiteElo "2365"]
[BlackElo "2230"]

1.e4 e5 2.Nf3 Nc6 3.Bb5 a6 4.Ba4 Nf6 5.O-O Be7 6.Re1 b5 7.Bb3 O-O 8.c3 d6
9.h3 Nb8 10.d4 Nbd7 11.Nbd2 h6 12.Nf1 Bb7 13.Ng3 Re8 14.d5  1/2-1/2

[Event "SWE-ch"]
[Site "Lindesberg"]
[Date "1993.??.??"]
[Round "5"]
[White "Ernst, Thomas"]
[Black "Ornstein, Axel"]
[Result "1/2-1/2"]
[WhiteElo "2480"]
[BlackElo "2440"]

1.e4 e5 2.Nf3 Nc6 3.Bb5 a6 4.Ba4 Nf6 5.O-O Be7 6.Re1 b5 7.Bb3 O-O 8.c3 d6
9.h3 Nb8 10.d4 Nbd7 11.c4 c6 12.a3 bxc4 13.Bxc4 d5 14.exd5 cxd5 15.Ba2 e4
16.Ne5 Bd6 17.Nxd7 Bxd7 18.Nc3 Be6 19.Bg5 Bc7 20.Bxf6 gxf6 21.Qh5 f5 22.Nxd5 Bxd5
23.Bxd5 Qxd5 24.Qg5+  1/2-1/2

[Event "Ljubljana op"]
[Site "Ljubljana"]
[Date "1993.??.??"]
[Round "?"]
[White "Justin, Matijaz"]
[Black "Mazi, Leon"]
[Result "0-1"]
[WhiteElo "2385"]
[BlackElo "2345"]

1.e4 e5 2.Nf3 Nc6 3.Bb5 a6 4.Ba4 Nf6 5.O-O Be7 6.Re1 b5 7.Bb3 d6 8.c3 O-O
9.h3 Nb8 10.d4 Nbd7 11.Nbd2 Bb7 12.Bc2 Re8 13.Nf1 Bf8 14.Ng3 g6 15.b3 c6
16.Bg5 h6 17.Be3 Qe7 18.Qd2 Kh7 19.Nh2 Bg7 20.Rab1 exd4 21.cxd4 c5 22.d5 b4
23.Qd1 a5 24.h4 h5 25.Bg5 Qf8 26.f4 Kh8 27.f5 Nh7 28.Rf1 Bd4+ 29.Kh1 Qg7
30.Nf3 Ba6 31.Bd3 Bxd3 32.Qxd3 Ne5 33.Nxe5 Bxe5 34.Rf3 Nxg5 35.hxg5 Bxg3
36.f6 Qf8 37.Rxg3 Re5 38.Rf1 Qc8 39.Rf4 a4 40.Rh4 axb3 41.axb3 Ra1+ 42.Kh2 Qa6
43.Qe3 Qf1 44.Rf3 Qe1 45.Qf4 Qg1+ 46.Kg3 Ra2 47.Rf2 Rxg5+ 48.Qxg5 Rxf2 49.Rh2 Rb2
50.Qf4 Rxb3+ 51.Kh4 Qe3 52.g3 Qxf4+ 53.gxf4 Re3 54.Ra2 Rxe4 55.Kg5 Re8 56.Kh6 b3
57.Rg2 Rb8 58.f5 b2 59.Rxg6 fxg6 60.fxg6 Rb7  0-1

[Event "Nabereznye Chelny"]
[Site "Nabereznye Chelny"]
[Date "1993.??.??"]
[Round "?"]
[White "Muhutdinov, Marat"]
[Black "Sideif Sade, Fikret I"]
[Result "1/2-1/2"]
[WhiteElo "2480"]
[BlackElo "2425"]

1.e4 e5 2.Nf3 Nc6 3.Bb5 a6 4.Ba4 Nf6 5.O-O Be7 6.Re1 b5 7.Bb3 d6 8.c3 O-O
9.h3 Nb8 10.d4 Nbd7 11.Nbd2 Bb7 12.a4 c5 13.Bc2 Re8 14.d5 c4 15.b4 cxb3 16.Nxb3 Qc7
17.Bd3 bxa4 18.Rxa4 Nb6 19.Ra2 a5 20.Rxa5 Qxc3 21.Rxa8 Rxa8 22.Bb5 Nc4 23.Nfd2 Ba6
24.Bxa6 Rxa6 25.Qf3 Qxf3 26.gxf3 Ra4 27.Nxc4 Rxc4 28.Na5 Rc8 29.Nc6 Bf8 30.Bg5 Ne8
31.Ra1 f6 32.Be3 Rc7 33.Ra8 Kf7 34.Bb6 Rd7 35.Nd8+ Kg8 36.Ne6 Kf7 37.Kg2 Be7
38.f4 exf4 39.Nxf4 Rb7 40.Bd8 Nc7 41.Bxc7 Rxc7 42.Ne6 Rc4 43.f3 f5 44.exf5 Rc2+
45.Kg3 Rd2 46.Nf4 Bg5 47.Ra7+ Kf6 48.Nh5+ Kxf5 49.Nxg7+ Kg6 50.h4 Bf6 51.Ne6 Be5+
52.f4 Rd3+ 53.Kg2 Bf6 54.Nf8+ Kh5 55.Nxh7 Bxh4 56.f5 Rxd5 57.f6 Rd2+ 58.Kf3 Rf2+
59.Ke4 Bxf6 60.Nxf6+ Rxf6 61.Kd5  1/2-1/2

[Event "New York op"]
[Site "New York"]
[Date "1993.??.??"]
[Round "9"]
[White "Fedorov, Vladislav"]
[Black "Southam, Todd"]
[Result "1/2-1/2"]
[WhiteElo "2425"]
[BlackElo "2325"]

1.e4 e5 2.Nf3 Nc6 3.Bb5 a6 4.Ba4 Nf6 5.O-O Be7 6.Re1 b5 7.Bb3 d6 8.c3 O-O
9.h3 Nb8 10.d4 Nbd7 11.Nbd2 Bb7 12.Bc2 Re8 13.Nf1 Bf8 14.Ng3 g6 15.Bg5 h6
16.Bd2 c5 17.d5 c4 18.Be3 Nc5 19.Qd2 h5 20.Bg5 Be7 21.Bh6 Rb8 22.a4 Nh7 23.Ra3 Bc8
24.axb5  1/2-1/2